00990nab a22002177a 4500999001500000003000400015005001700019008004100036040000700077100003200084245011700116260007200233300001200305500003900317505012300356505008900479650002600568650002600594773013900620942001300759 c6375d6375OSt20260131213922.0190605e xxu||||| |||| 00| 0 spa d cPJ 97017aGuisado, Héctor C. 13aLa transferencia del establecimiento en el proyecto de ley de "modernización laboral" /cHéctor C. Guisado.  aCiudad Autónoma de Buenos Aires :bThomson Reuters La Ley,c2025. ap. 9-12 aCita: TR LALEY AR/DOC/3230/2025.  a Sumario: I. Introducción. — II. El traspaso de obligaciones y la responsabilidad solidaria de ambos empresarios.  t¿Te interesa el texto completo? Solicitalo al correo: koha@justierradelfuego.gov.ar 091316aDERECHO LABORAL 094193aPROYECTO DE LEY0 0271193168dCiudad Autónoma de Buenos Aires : Thomson Reuters La Ley, 1999-2002.tRevista de derecho del trabajo. Nº 1 - Enero 2026 2udccANA